[Event "ISR-chT"]
[Site "Israel"]
[Date "2024.02.10"]
[Round "6.26"]
[White "Zoler, Dan"]
[Black "Gorodetzky, David"]
[Result "1/2-1/2"]
[WhiteElo "2465"]
[BlackElo "2488"]
[PlyCount "105"]
[EventDate "2024.01.10"]
[EventType "team-tourn"]
[EventRounds "11"]
[EventCountry "ISR"]
[SourceTitle "CB09_2024"]
[SourceDate "2024.02.28"]
[SourceVersion "1"]
[SourceVersionDate "2024.02.28"]
[SourceQuality "1"]
[WhiteTeam "Herzliya CC"]
[BlackTeam "Ramat Gan Etude"]
[WhiteTeamCountry "ISR"]
[BlackTeamCountry "ISR"]

1. d4 Nf6 2. c4 e6 3. Nc3 Bb4 4. Bd2 d5 5. e3 0-0 6. Nf3 a6 7. Qc2 c5 8. a3 Bxc3 9. Bxc3 cxd4 10. Bxd4 Nc6 11. Bc3 Qe7 12. Bd3 h6 13. 0-0 dxc4 14. Bxc4 e5 15. Rac1 Rd8 16. h3 Be6 17. Bxe5 Bxc4 18. Bxf6 Qxf6 19. Qxc4 Qxb2 20. Rb1 Qf6 21. a4 Rac8 22. Qe4 Rd7 23. Rb6 Qd8 24. Qb1 Rcc7 25. Qb2 Na5 26. Rb4 Rd1 27. Nd4 Rxf1+ 28. Kxf1 Qc8 29. g4 Nc4 30. Qe2 g6 31. Kg2 Qd7 32. Nf3 Qc6 33. Kg1 a5 34. Rb5 Qe4 35. Qd1 Kh7 36. Qd5 Qxd5 37. Rxd5 b6 38. Rb5 Rc5 39. Rb3 Kg7 40. Kf1 Kf6 41. Ke2 Ke7 42. Nd4 Kd6 43. f4 Kc7 44. Nb5+ Kc6 45. Kd3 Nd6 46. Nd4+ Kc7 47. Rb1 Ne8 48. e4 Nf6 49. Nb3 Rc6 50. Nd4 Rc5 51. Nb3 Rc6 52. Nd4 Rc5 53. Nb3 1/2-1/2

[Event "Andorra op 39th"]
[Site "Escaldes"]
[Date "2023.07.25"]
[Round "4"]
[White "Zoler, Dan"]
[Black "Palacios Herrero, Pablo"]
[Result "1-0"]
[WhiteElo "2461"]
[BlackElo "2197"]
[PlyCount "57"]
[EventDate "2023.07.22"]
[EventType "swiss"]
[EventRounds "9"]
[EventCountry "AND"]
[SourceTitle "CBM 215 Extra"]
[Source "ChessBase"]
[SourceDate "2023.09.30"]
[SourceVersion "1"]
[SourceVersionDate "2023.09.30"]
[SourceQuality "1"]

1. d4 d5 2. c4 e6 3. Nf3 Nf6 4. Nc3 Bb4 5. Bd2 0-0 6. e3 Re8 7. Rc1 c6 8. Bd3 Nbd7 9. 0-0 Bd6 10. e4 e5 11. cxd5 cxd5 12. Bg5 dxe4 13. Nxe4 Be7 14. Nxf6+ Bxf6 15. Bxf6 Qxf6 16. Re1 g6 17. Qa4 Re7 18. Qa5 e4 19. Bxe4 Nb6 20. h3 Qf4 21. g3 Qh6 22. Qc5 Re8 23. h4 Rxe4 24. Rxe4 Bf5 25. Re7 Nd5 26. Rxb7 Rc8 27. Qxc8+ Bxc8 28. Rxc8+ Kg7 29. Ng5 1-0

[Event "Andorra op 39th"]
[Site "Escaldes"]
[Date "2023.07.24"]
[Round "3"]
[White "Deshmukh, Anup"]
[Black "Zoler, Dan"]
[Result "1/2-1/2"]
[WhiteElo "2121"]
[BlackElo "2461"]
[PlyCount "115"]
[EventDate "2023.07.22"]
[EventType "swiss"]
[EventRounds "9"]
[EventCountry "AND"]
[SourceTitle "CBM 215 Extra"]
[Source "ChessBase"]
[SourceDate "2023.09.30"]
[SourceVersion "1"]
[SourceVersionDate "2023.09.30"]
[SourceQuality "1"]

1. c4 Nf6 2. Nc3 c5 3. Nf3 e6 4. e4 Nc6 5. h3 d5 6. cxd5 exd5 7. exd5 Nxd5 8. Bb5 Nc7 9. Bxc6+ bxc6 10. 0-0 Be7 11. d4 0-0 12. Be3 Rb8 13. Ne5 Qe8 14. dxc5 Bf6 15. Nc4 Ba6 16. Nd6 Qe5 17. Re1 Rxb2 18. Nce4 Ne6 19. Bd2 Qd4 20. Bc3 Qxd1 21. Nxf6+ gxf6 22. Raxd1 Rc2 23. Ne4 f5 24. Nf6+ Kg7 25. Ba1 Kh6 26. Re3 Rxa2 27. Rg3 Rd8 28. Re1 Rdd2 29. Ng8+ Kh5 30. Bf6 Re2 31. Rxe2 Bxe2 32. f4 Rc2 33. Be7 Bc4 34. Nf6+ Kh6 35. h4 Bd5 36. h5 a5 37. Rg5 Rxg2+ 38. Rxg2 Bxg2 39. Kxg2 a4 40. Bd6 a3 41. Kg3 a2 42. Be5 Nxc5 43. Kh4 Kg7 44. Kg5 h6+ 45. Kxf5 Nb3 46. Ng4+ Kf8 47. Nxh6 c5 48. Bb2 a1Q 49. Bxa1 Nxa1 50. Kf6 Nc2 51. Nxf7 Ne3 52. h6 Nd5+ 53. Ke5 Nxf4 54. h7 Kxf7 55. Kxf4 Kg7 56. Ke4 Kxh7 57. Kd5 c4 58. Kxc4 1/2-1/2

[Event "Benasque op 42nd"]
[Site "Benasque"]
[Date "2023.07.08"]
[Round "5"]
[White "Alekseenko, Kirill"]
[Black "Zoler, Dan"]
[Result "1-0"]
[WhiteElo "2674"]
[BlackElo "2461"]
[PlyCount "101"]
[EventDate "2023.07.05"]
[EventType "swiss"]
[EventRounds "9"]
[EventCountry "ESP"]
[SourceTitle "EXT 2024"]
[Source "ChessBase"]
[SourceDate "2023.10.10"]
[SourceVersion "1"]
[SourceVersionDate "2023.10.10"]
[SourceQuality "1"]

1. e4 e5 2. Nf3 Nc6 3. Bb5 g6 4. c3 a6 5. Bxc6 dxc6 6. d4 exd4 7. cxd4 Bg7 8. h3 Ne7 9. Nc3 0-0 10. Bf4 h6 11. 0-0 g5 12. Be5 Ng6 13. Bxg7 Kxg7 14. Qb3 Nf4 15. Rfe1 Be6 16. Qc2 Qf6 17. Re3 Rad8 18. Ne2 Nxe2+ 19. Qxe2 Rd7 20. Qe1 Rfd8 21. Qa5 Re7 22. Qc3 Red7 23. Rd1 Kg8 24. Rdd3 Qg7 25. Qb4 Rb8 26. Ne5 Rd6 27. a3 f6 28. Nf3 Qf8 29. Rd1 Rd7 30. Qc3 Rbd8 31. Rde1 Kh7 32. b4 Rg7 33. d5 cxd5 34. Nd4 Bc8 35. exd5 Rxd5 36. Re8 Qd6 37. Qc2+ f5 38. Rxc8 Rxd4 39. Qxf5+ Qg6 40. Qf8 Qf7 41. Qh8+ Kg6 42. Rf8 Qd5 43. Kh2 Re4 44. Rc1 Qe5+ 45. g3 Re2 46. Rc5 Qe3 47. Rcf5 Qe6 48. R8f6+ Qxf6 49. Rxf6+ Kxf6 50. Qxh6+ Kf7 51. Qh5+ 1-0

[Event "ISR-chT"]
[Site "Israel"]
[Date "2022.03.04"]
[Round "9.1"]
[White "Zoler, Dan"]
[Black "Zanan, Evgeny"]
[Result "0-1"]
[WhiteElo "2468"]
[BlackElo "2528"]
[PlyCount "146"]
[EventDate "2022.01.14"]
[EventType "team-tourn"]
[EventRounds "11"]
[EventCountry "ISR"]
[SourceTitle "EXT 2023"]
[Source "ChessBase"]
[SourceDate "2022.10.05"]
[SourceVersion "1"]
[SourceVersionDate "2022.10.05"]
[SourceQuality "1"]
[WhiteTeam "Herzliya"]
[BlackTeam "Rishon Le Zion"]
[WhiteTeamCountry "ISR"]
[BlackTeamCountry "ISR"]

1. d4 Nf6 2. Nf3 d5 3. c4 e6 4. Nc3 dxc4 5. e4 b5 6. e5 Nd5 7. Nxb5 Nb6 8. Be2 Nc6 9. 0-0 Be7 10. Qd2 Bb7 11. Qf4 a6 12. Nc3 g5 13. Nxg5 Bxg5 14. Qxg5 Qxg5 15. Bxg5 Nxd4 16. Bh4 Rg8 17. f3 Nd5 18. Kf2 Nf4 19. Bg3 Ndxe2 20. Nxe2 Nd3+ 21. Ke3 0-0-0 22. b3 Nb4 23. Rad1 Bd5 24. Nc1 cxb3 25. axb3 Bc6 26. Kf2 Bb5 27. Rfe1 Nc2 28. Rg1 Kb7 29. Na2 Nd4 30. Bh4 Rd5 31. Nc3 Rc5 32. Ne4 Rc2+ 33. Rd2 Rxd2+ 34. Nxd2 Ne2 35. Rd1 Nf4 36. Bg3 Nd3+ 37. Ke3 Nc5 38. Rc1 Kb6 39. b4 Nd3 40. Nc4+ Bxc4 41. Rxc4 Rd8 42. Rh4 Kb5 43. Rxh7 Nxb4 44. Rxf7 a5 45. Be1 Nd5+ 46. Kd2 a4 47. Kc2 Ne3+ 48. Kb2 Rd1 49. Bc3 Nd5 50. Kc2 Rf1 51. Rf8 Rf2+ 52. Kd3 Rxg2 53. Ra8 Rf2 54. Ra5+ Kc6 55. Bd4 Rxf3+ 56. Kc4 Nb6+ 57. Bxb6 cxb6 58. Ra7 b5+ 59. Kd4 Rf4+ 60. Ke3 Rb4 61. Kf3 Kd5 62. Kg3 Kxe5 63. h4 Kf5 64. Rf7+ Kg6 65. Ra7 Rd4 66. Ra5 Rb4 67. Ra8 Rb1 68. Kg4 b4 69. h5+ Kh6 70. Rxa4 b3 71. Re4 Rg1+ 72. Kh4 b2 73. Rxe6+ Kh7 0-1

[Event "ISR-chT"]
[Site "Israel"]
[Date "2022.02.19"]
[Round "8.6"]
[White "Erenberg, Ariel"]
[Black "Zoler, Dan"]
[Result "0-1"]
[WhiteElo "2512"]
[BlackElo "2468"]
[PlyCount "74"]
[EventDate "2022.01.14"]
[EventType "team-tourn"]
[EventRounds "11"]
[EventCountry "ISR"]
[SourceTitle "EXT 2023"]
[Source "ChessBase"]
[SourceDate "2022.10.05"]
[SourceVersion "1"]
[SourceVersionDate "2022.10.05"]
[SourceQuality "1"]
[WhiteTeam "Kfar Saba"]
[BlackTeam "Herzliya"]
[WhiteTeamCountry "ISR"]
[BlackTeamCountry "ISR"]

1. c4 c5 2. g3 g6 3. Bg2 Bg7 4. Nc3 Nc6 5. b3 e6 6. Ba3 d6 7. e3 Nge7 8. Nge2 0-0 9. 0-0 Qa5 10. Bb2 d5 11. a3 Rd8 12. cxd5 exd5 13. Rc1 b6 14. d4 Be6 15. Re1 Rac8 16. Na4 cxd4 17. exd4 Nf5 18. Qd3 Nd6 19. Nec3 b5 20. b4 Nxb4 21. axb4 Qxb4 22. Nxd5 Bxd5 23. Bxd5 Rxc1 24. Rxc1 bxa4 25. Ba1 Nf5 26. Qf3 Qa5 27. Bc4 Bxd4 28. g4 Qd2 29. Rf1 Bxa1 30. Rxa1 Qd4 31. Rxa4 Qd7 32. Ra3 Nd4 33. Qf4 Rc8 34. Bxf7+ Kg7 35. Re3 Rf8 36. Be8 Ne2+ 37. Rxe2 Qd1+ 0-1

[Event "ISR-chT"]
[Site "Israel"]
[Date "2022.02.11"]
[Round "5.3"]
[White "Zoler, Dan"]
[Black "Levin, Guy"]
[Result "1-0"]
[WhiteElo "2468"]
[BlackElo "2322"]
[PlyCount "143"]
[EventDate "2022.01.14"]
[EventType "team-tourn"]
[EventRounds "11"]
[EventCountry "ISR"]
[SourceTitle "EXT 2023"]
[Source "ChessBase"]
[SourceDate "2022.10.05"]
[SourceVersion "1"]
[SourceVersionDate "2022.10.05"]
[SourceQuality "1"]
[WhiteTeam "Herzliya"]
[BlackTeam "Ramat Gan Etude"]
[WhiteTeamCountry "ISR"]
[BlackTeamCountry "ISR"]

1. d4 d5 2. c4 e6 3. Nc3 c5 4. cxd5 cxd4 5. Qa4+ Bd7 6. Qxd4 exd5 7. Nf3 Nc6 8. Qd1 Be6 9. e3 Nf6 10. Be2 a6 11. 0-0 Bc5 12. b3 d4 13. Na4 Ba7 14. exd4 Nxd4 15. Ba3 Nb5 16. Bxb5+ axb5 17. Qxd8+ Kxd8 18. Rfd1+ Nd7 19. Nc5 Bxc5 20. Bxc5 Ke8 21. Be3 Nb8 22. Nd4 Bd7 23. Bf4 f6 24. Rac1 Na6 25. a3 Kf7 26. b4 Rhc8 27. f3 Rc4 28. Kf2 Rac8 29. Ne2 Be6 30. Rxc4 Rxc4 31. Rc1 Rc6 32. Ke3 Ke7 33. h4 g6 34. Rc3 Kd7 35. Rd3+ Ke7 36. Nd4 Rb6 37. Kd2 Bc4 38. Re3+ Kd7 39. Kc3 h6 40. a4 g5 41. Bh2 bxa4 42. Kxc4 Rxb4+ 43. Kc3 gxh4 44. Rd3 Rb1 45. Rd2 Ke7 46. Rb2 Rxb2 47. Kxb2 Nc5 48. Ka3 Kf7 49. Bf4 Nd3 50. Bd2 Nf2 51. Bxh6 h3 52. gxh3 Nxh3 53. Kxa4 Ng5 54. Kb5 Kg6 55. Bf8 Nf7 56. Kc5 Kg5 57. Be7 Ne5 58. Kd5 b5 59. Ke4 Nxf3 60. Nxf3+ Kg6 61. Bb4 Kf7 62. Kf5 Ke8 63. Kxf6 Kd7 64. Nd4 Kc7 65. Ke6 Kb6 66. Kd7 Kb7 67. Ne6 Ka7 68. Kc7 Ka6 69. Bc5 b4 70. Kc6 b3 71. Bb6 b2 72. Nc5# 1-0

[Event "ISR-chT"]
[Site "Israel"]
[Date "2022.01.21"]
[Round "3.4"]
[White "Dvoirys, Semen I"]
[Black "Zoler, Dan"]
[Result "1-0"]
[WhiteElo "2425"]
[BlackElo "2468"]
[PlyCount "107"]
[EventDate "2022.01.14"]
[EventType "team-tourn"]
[EventRounds "11"]
[EventCountry "ISR"]
[SourceTitle "EXT 2023"]
[Source "ChessBase"]
[SourceDate "2022.10.05"]
[SourceVersion "1"]
[SourceVersionDate "2022.10.05"]
[SourceQuality "1"]
[WhiteTeam "Beer Sheva II"]
[BlackTeam "Herzliya"]
[WhiteTeamCountry "ISR"]
[BlackTeamCountry "ISR"]

1. e4 c5 2. Nf3 d6 3. d4 cxd4 4. Nxd4 Nf6 5. Nc3 a6 6. Bc4 e6 7. a4 Be7 8. 0-0 0-0 9. Qe2 Nc6 10. Be3 Qc7 11. f4 Nxd4 12. Bxd4 e5 13. Be3 exf4 14. Rxf4 Be6 15. Bb3 Rae8 16. Raf1 Bxb3 17. cxb3 d5 18. Rxf6 Bxf6 19. Nxd5 Qe5 20. Nxf6+ gxf6 21. Bh6 Qd4+ 22. Qf2 Qxf2+ 23. Rxf2 Rxe4 24. Bxf8 Kxf8 25. Rxf6 Rb4 26. Rf3 Rd4 27. h3 Ke7 28. Kh2 Ke6 29. g4 Rd2+ 30. Kg3 Rxb2 31. Kh4 b5 32. axb5 axb5 33. Kg5 Ke7 34. Kh6 Kf8 35. Kxh7 b4 36. g5 Rg2 37. Kh6 Rg1 38. h4 Rg4 39. Kh5 Rg1 40. Rf4 Kg7 41. Rxb4 Rg3 42. Rb6 Rd3 43. b4 Rd4 44. b5 Rd5 45. Kg4 Rd4+ 46. Kg3 Rd5 47. Kf3 Rc5 48. Ke3 Kf8 49. Kd3 Rf5 50. Rb8+ Kg7 51. b6 Rf4 52. h5 Rh4 53. h6+ Kh7 54. Rf8 1-0

[Event "ISR-chT"]
[Site "Israel"]
[Date "2022.01.15"]
[Round "2.3"]
[White "Rozentalis, Eduardas"]
[Black "Zoler, Dan"]
[Result "1-0"]
[WhiteElo "2537"]
[BlackElo "2468"]
[PlyCount "59"]
[EventDate "2022.01.14"]
[EventType "team-tourn"]
[EventRounds "11"]
[EventCountry "ISR"]
[SourceTitle "EXT 2023"]
[Source "ChessBase"]
[SourceDate "2022.10.05"]
[SourceVersion "1"]
[SourceVersionDate "2022.10.05"]
[SourceQuality "1"]
[WhiteTeam "Kfar Saba II"]
[BlackTeam "Herzliya"]
[WhiteTeamCountry "ISR"]
[BlackTeamCountry "ISR"]

1. e4 e5 2. Nf3 Nc6 3. Bc4 Nf6 4. d3 Bc5 5. c3 a6 6. 0-0 Ba7 7. Re1 d6 8. a4 h6 9. Nbd2 0-0 10. Nf1 Ne7 11. Ng3 Ng6 12. h3 c6 13. Bb3 d5 14. exd5 Nxd5 15. d4 exd4 16. Nxd4 Ndf4 17. Qf3 Bxd4 18. Bxf4 Bxf2+ 19. Qxf2 Nxf4 20. Qxf4 Qb6+ 21. Qd4 Qxb3 22. Nh5 f6 23. Re7 Rf7 24. Qd8+ Kh7 25. Rae1 Qc4 26. Qc7 Qh4 27. R1e2 Qxh5 28. Rxf7 Qc5+ 29. Kh2 Qg5 30. Ree7 1-0

[Event "ISR-chT"]
[Site "Israel"]
[Date "2021.04.23"]
[Round "2.4"]
[White "Nabaty, Tamir"]
[Black "Zoler, Dan"]
[Result "1-0"]
[WhiteElo "2638"]
[BlackElo "2473"]
[PlyCount "125"]
[EventDate "2021.04.22"]
[EventType "team-tourn"]
[EventRounds "11"]
[EventCountry "ISR"]
[SourceTitle "EXT 2022"]
[Source "ChessBase"]
[SourceDate "2021.10.06"]
[SourceVersion "1"]
[SourceVersionDate "2021.10.06"]
[SourceQuality "1"]
[WhiteTeam "Beer Sheva Eliahu Levant"]
[BlackTeam "Herzliya"]
[WhiteTeamCountry "ISR"]
[BlackTeamCountry "ISR"]

1. d4 Nf6 2. c4 e6 3. Nc3 Bb4 4. Qc2 0-0 5. a3 Bxc3+ 6. Qxc3 d6 7. Nf3 b6 8. e3 Bb7 9. Be2 Nbd7 10. 0-0 Ne4 11. Qc2 f5 12. b4 Rf6 13. d5 e5 14. Nd2 Nxd2 15. Bxd2 c6 16. dxc6 Bxc6 17. f3 Qe7 18. Be1 Qf7 19. Rd1 Rc8 20. Qb1 Rh6 21. Rd2 Qh5 22. Bg3 Qf7 23. f4 Be4 24. Qd1 Qe7 25. Qa4 Nf8 26. Qb3 Qe6 27. Rfd1 b5 28. Qc3 bxc4 29. fxe5 d5 30. Bf3 Rd8 31. Bxe4 fxe4 32. b5 Rg6 33. a4 h5 34. Qd4 Qg4 35. Rf1 h4 36. Be1 Rd7 37. Qc5 Ne6 38. Qc6 Rd8 39. Kh1 Qg5 40. Qb7 Qxe3 41. Rdf2 Qg5 42. Ba5 h3 43. g3 e3 44. Bxd8 Qxd8 45. Qf7+ Kh7 46. Rf6 Rxf6 47. exf6 d4 48. Qxe6 Qa8+ 49. Qc6 e2 50. Rg1 Qxc6+ 51. bxc6 d3 52. c7 d2 53. c8Q e1Q 54. Qxh3+ Kg6 55. Qg4+ Kxf6 56. Kg2 Ke5 57. Qxg7+ Kd5 58. Qd7+ Kc5 59. Qxa7+ Kb4 60. Qb6+ Kxa4 61. Qf2 Qe4+ 62. Qf3 Qd4 63. Rb1 1-0

[Event "ISR-chT"]
[Site "Israel"]
[Date "2021.04.22"]
[Round "1.4"]
[White "Zoler, Dan"]
[Black "Parkhov, Yair"]
[Result "0-1"]
[WhiteElo "2473"]
[BlackElo "2428"]
[PlyCount "54"]
[EventDate "2021.04.22"]
[EventType "team-tourn"]
[EventRounds "11"]
[EventCountry "ISR"]
[SourceTitle "EXT 2022"]
[Source "ChessBase"]
[SourceDate "2021.10.06"]
[SourceVersion "1"]
[SourceVersionDate "2021.10.06"]
[SourceQuality "1"]
[WhiteTeam "Herzliya"]
[BlackTeam "Tsafrir Rehovot"]
[WhiteTeamCountry "ISR"]
[BlackTeamCountry "ISR"]

1. d4 d5 2. c4 dxc4 3. Nf3 Nf6 4. e3 c5 5. Bxc4 e6 6. 0-0 Nc6 7. Qe2 a6 8. dxc5 Bxc5 9. a3 0-0 10. b4 Bd6 11. Bb2 e5 12. e4 Qe7 13. Nbd2 Nh5 14. Rfc1 Bg4 15. Qe3 Nf4 16. g3 Nh3+ 17. Kg2 Bb8 18. Rf1 Ba7 19. Qe1 Qf6 20. Bd5 Rae8 21. Bxc6 bxc6 22. Qc1 Qh6 23. Qc3 Re6 24. Rae1 Rd8 25. Bc1 Nf4+ 26. gxf4 Qh3+ 27. Kh1 Rxd2 0-1

[Event "ISR-chT"]
[Site "Israel"]
[Date "2020.09.11"]
[Round "11.1"]
[White "Khmelniker, Ilya"]
[Black "Zoler, Dan"]
[Result "1-0"]
[WhiteElo "2481"]
[BlackElo "2485"]
[PlyCount "125"]
[EventDate "2020.01.10"]
[EventType "team-tourn"]
[EventRounds "11"]
[EventCountry "ISR"]
[SourceTitle "EXT 2021"]
[Source "ChessBase"]
[SourceDate "2020.10.23"]
[SourceVersion "1"]
[SourceVersionDate "2020.10.23"]
[SourceQuality "1"]
[WhiteTeam "Beer Sheva K"]
[BlackTeam "Herzliya"]
[WhiteTeamCountry "ISR"]
[BlackTeamCountry "ISR"]

1. d4 Nf6 2. Nf3 g6 3. c4 Bg7 4. Nc3 0-0 5. e4 d6 6. Be2 Nbd7 7. 0-0 e5 8. Qc2 Nh5 9. Rd1 Nf4 10. Bf1 c6 11. d5 cxd5 12. Nxd5 Nxd5 13. Rxd5 Nf6 14. Rd1 Qc7 15. b3 Bg4 16. Be2 Rac8 17. Ba3 Rfd8 18. h3 Bxf3 19. Bxf3 b5 20. Rac1 Bh6 21. Rb1 a5 22. Qd3 b4 23. Bb2 Qc5 24. Ra1 Rb8 25. a3 Qb6 26. axb4 axb4 27. Ra2 Ne8 28. Qe2 Qc6 29. Ra5 Nc7 30. c5 Ne6 31. Qc4 Qc7 32. Rda1 dxc5 33. Bg4 Nd4 34. Rxc5 Qe7 35. Rc7 Qf6 36. Raa7 Rf8 37. Bxd4 exd4 38. Rxf7 Rxf7 39. Rxf7 Qxf7 40. Be6 Rf8 41. Bxf7+ Rxf7 42. Qxd4 Bf8 43. Qd5 Kg7 44. g3 Be7 45. f4 Rf8 46. Qe6 Rf7 47. Kg2 Bf8 48. Qd5 Be7 49. h4 h5 50. Kf3 Bf8 51. g4 hxg4+ 52. Kxg4 Be7 53. h5 gxh5+ 54. Qxh5 Rf8 55. Qg5+ Kf7 56. Qd5+ Kg7 57. e5 Rd8 58. Qe6 Kf8 59. f5 Rd4+ 60. Kf3 Rd3+ 61. Ke4 Rd8 62. f6 Bc5 63. Kf5 1-0

[Event "ISR-chT"]
[Site "Israel"]
[Date "2020.09.05"]
[Round "10.6"]
[White "Zoler, Dan"]
[Black "Steinberg, Nitzan"]
[Result "1/2-1/2"]
[WhiteElo "2485"]
[BlackElo "2542"]
[PlyCount "66"]
[EventDate "2020.01.10"]
[EventType "team-tourn"]
[EventRounds "11"]
[EventCountry "ISR"]
[SourceTitle "EXT 2021"]
[Source "ChessBase"]
[SourceDate "2020.10.23"]
[SourceVersion "1"]
[SourceVersionDate "2020.10.23"]
[SourceQuality "1"]
[WhiteTeam "Herzliya"]
[BlackTeam "Beer Sheva Eliyahu Levant"]
[WhiteTeamCountry "ISR"]
[BlackTeamCountry "ISR"]

1. d4 d5 2. c4 c6 3. Nf3 Nf6 4. Nc3 e6 5. e3 Nbd7 6. Qc2 Bd6 7. Bd3 dxc4 8. Bxc4 b5 9. Be2 0-0 10. 0-0 Bb7 11. Rd1 Qc7 12. Bd2 Rfe8 13. Rac1 Rac8 14. b4 e5 15. h3 exd4 16. exd4 Bxb4 17. Nxb5 Qd8 18. Nc3 c5 19. Qb2 Qa5 20. d5 Nb6 21. Bb5 Red8 22. Ne5 Nfxd5 23. Nxd5 Bxd5 24. a4 a6 25. Bxb4 cxb4 26. Rxc8 Rxc8 27. Bc6 Bxc6 28. Nxc6 Qxa4 29. Ne7+ Kf8 30. Ra1 Qc2 31. Qxb4 Qc5 32. Qxc5 Rxc5 33. Rxa6 Kxe7 1/2-1/2

[Event "ISR-chT"]
[Site "Israel"]
[Date "2020.01.18"]
[Round "4.1"]
[White "Zoler, Dan"]
[Black "Parkhov, Yair"]
[Result "1/2-1/2"]
[WhiteElo "2485"]
[BlackElo "2370"]
[PlyCount "120"]
[EventDate "2020.01.10"]
[EventType "team-tourn"]
[EventRounds "11"]
[EventCountry "ISR"]
[SourceTitle "CBM 194 Extra"]
[Source "ChessBase"]
[SourceDate "2020.03.31"]
[SourceVersion "1"]
[SourceVersionDate "2020.03.31"]
[SourceQuality "1"]
[WhiteTeam "Herzliya"]
[BlackTeam "Tsafrir Rehovot"]
[WhiteTeamCountry "ISR"]
[BlackTeamCountry "ISR"]

1. d4 g6 2. c4 Bg7 3. Nc3 d6 4. Nf3 Bg4 5. g3 e5 6. dxe5 dxe5 7. Qxd8+ Kxd8 8. Bg5+ Kc8 9. 0-0-0 Nc6 10. Bg2 f6 11. Bd2 Nge7 12. h3 Be6 13. b3 Rd8 14. g4 b6 15. Ne1 Rb8 16. Nc2 Rd7 17. Ne3 Nd8 18. Ned5 c6 19. Nxe7+ Rxe7 20. Ne4 Rd7 21. Bc3 Nf7 22. f4 f5 23. gxf5 gxf5 24. Nf2 Bh6 25. Bxc6 Bxf4+ 26. Kc2 Rxd1 27. Rxd1 Kc7 28. Bd5 Bxd5 29. Rxd5 Rd8 30. Rxd8 Kxd8 31. Nd3 Bg3 32. a4 Kd7 33. Bd2 Ke6 34. Nb4 f4 35. Nc6 a6 36. Nb4 Ng5 37. Nxa6 Nxh3 38. Nc7+ Kd6 39. Nd5 e4 40. Nxb6 Ng1 41. a5 Nxe2 42. a6 Nd4+ 43. Kd1 Nc6 44. b4 e3 45. c5+ Ke6 46. Nc4 Kd5 47. b5 e2+ 48. Kxe2 Nd4+ 49. Kd3 Nxb5 50. Nd6 Nc7 51. a7 Kxc5 52. Ba5 Na8 53. Nc4 Kc6 54. Nb6 Kb7 55. Nxa8 Kxa8 56. Ke4 Kxa7 57. Bc7 Kb7 58. Bxf4 Be1 59. Kf3 Kc6 60. Kg2 Kd5 1/2-1/2

[Event "Herzliya Dobkin Memorial"]
[Site "Herzliya"]
[Date "2019.12.02"]
[Round "5"]
[White "Zoler, Dan"]
[Black "Bykhovsky, Avigdor"]
[Result "0-1"]
[WhiteElo "2498"]
[BlackElo "2408"]
[PlyCount "168"]
[EventDate "2019.11.27"]
[EventType "tourn"]
[EventRounds "9"]
[EventCountry "ISR"]
[EventCategory "8"]
[SourceTitle "CBM 193 Extra"]
[Source "ChessBase"]
[SourceDate "2020.01.31"]
[SourceVersion "1"]
[SourceVersionDate "2020.01.31"]
[SourceQuality "1"]

1. d4 d5 2. c4 c6 3. Nf3 Nf6 4. Nc3 e6 5. g3 dxc4 6. Bg2 Nbd7 7. a4 a5 8. 0-0 Bb4 9. Qc2 0-0 10. Na2 Bd6 11. Qxc4 e5 12. Nc3 exd4 13. Qxd4 Nc5 14. Bf4 Bxf4 15. Qxf4 Qb6 16. Rab1 Qb4 17. Ne5 Be6 18. Qe3 Ng4 19. Nxg4 Bxg4 20. h3 Rfe8 21. Qd2 Bxe2 22. Rfe1 Nxa4 23. Ra1 Bb5 24. Qd7 Red8 25. Qxb7 Rab8 26. Qc7 Nxc3 27. bxc3 Qxc3 28. Rac1 Qd2 29. Bxc6 Rbc8 30. Qe5 Bxc6 31. Rxc6 Qxe1+ 32. Qxe1 Rxc6 33. Qxa5 Rcd6 34. Kg2 h6 35. h4 Rd5 36. Qc7 h5 37. Qe7 g6 38. Qc7 Rd2 39. Qa5 R8d5 40. Qc3 Rd8 41. Qa5 R8d7 42. Qc3 Kh7 43. Qc6 R2d5 44. Qc8 R7d6 45. Qc7 Rf6 46. Qc3 Rdf5 47. f4 Rb6 48. Qc7 Rb2+ 49. Kh3 Rb3 50. Kg2 Rd3 51. Qb7 Rd2+ 52. Kh3 Kg7 53. Qc7 Rd3 54. Qc4 Rfd5 55. Qe4 Rd1 56. Qf3 R5d2 57. f5 gxf5 58. Qc3+ f6 59. Qc7+ Kg6 60. Qc6 Rd8 61. Qc7 R1d7 62. Qf4 Re7 63. Qf3 Re4 64. Qb3 Re2 65. Qc4 Re3 66. Kg2 Re4 67. Qc2 Red4 68. Kh3 Rd2 69. Qc4 Re8 70. Qb3 Rde2 71. Qc4 Rb2 72. Qd5 Rbe2 73. Qc4 R2e3 74. Kg2 Kg7 75. Qc7+ R8e7 76. Qf4 R7e5 77. Qc4 R3e4 78. Qc7+ Re7 79. Qc5 Re1 80. Qd5 R7e2+ 81. Kf3 Re3+ 82. Kf4 Rc3 83. Qd7+ Kh6 84. Qa7 Kg6 0-1

[Event "Netanya op"]
[Site "Netanya"]
[Date "2019.06.30"]
[Round "7"]
[White "Zoler, Dan"]
[Black "Parligras, Mircea Emilian"]
[Result "1/2-1/2"]
[WhiteElo "2499"]
[BlackElo "2638"]
[PlyCount "162"]
[EventDate "2019.06.23"]
[EventType "swiss"]
[EventRounds "9"]
[EventCountry "ISR"]
[SourceTitle "CBM 191 Extra"]
[Source "ChessBase"]
[SourceDate "2019.09.30"]
[SourceVersion "1"]
[SourceVersionDate "2019.09.30"]
[SourceQuality "1"]

1. d4 Nf6 2. c4 e6 3. Nf3 d5 4. g3 Bb4+ 5. Bd2 Bd6 6. Nc3 Nbd7 7. Qc2 0-0 8. c5 Be7 9. Bg2 c6 10. 0-0 Re8 11. b4 a5 12. b5 e5 13. dxe5 Ng4 14. e4 d4 15. Nxd4 Bxc5 16. Nce2 cxb5 17. h3 Ngxe5 18. Nxb5 b6 19. a4 Bb7 20. Rad1 Rc8 21. Qb1 Qe7 22. Bc3 Ng6 23. Ned4 Nde5 24. Nf5 Qf8 25. Kh2 f6 26. f4 Nf7 27. Rd7 Bc6 28. Ra7 Bxb5 29. Qxb5 Ne7 30. Qb3 Nxf5 31. exf5 Re7 32. Rxe7 Qxe7 33. Re1 Qc7 34. Qe6 Kf8 35. Bd5 Rd8 36. Bc4 Qd7 37. Bb5 Qc8 38. Re2 Nd6 39. Qe7+ Kg8 40. Rd2 Nf7 41. Rxd8+ Qxd8 42. Qe6 Kf8 43. Bc4 Qe7 44. Qd5 Ke8 45. Qa8+ Nd8 46. Bb5+ Kf8 47. Kg2 Qb7+ 48. Qxb7 Nxb7 49. Kf3 Nd6 50. Bd3 h5 51. g4 hxg4+ 52. hxg4 Ke7 53. g5 Kf7 54. Kg4 Be3 55. Bb2 Ke7 56. Kf3 Bc5 57. Bc1 Bd4 58. Kg4 Kf7 59. Kh5 Bc5 60. Bd2 Bb4 61. Bc1 Bc5 62. Bd2 Bb4 63. Be3 Bc5 64. Bc1 Bb4 65. Bb2 Bc5 66. Bc2 b5 67. Bb3+ Kf8 68. Kg6 bxa4 69. Bxa4 Be3 70. gxf6 gxf6 71. Kxf6 Bxf4 72. Ba3 Kg8 73. Kg6 Be5 74. Bb3+ Kf8 75. f6 Ke8 76. Ba4+ Kd8 77. Bc1 Kc7 78. Bd2 Kb6 79. Be3+ Kb7 80. Bg1 Kc7 81. f7 Nxf7 1/2-1/2

[Event "Netanya op"]
[Site "Netanya"]
[Date "2019.06.23"]
[Round "1"]
[White "Zoler, Dan"]
[Black "Uritsky, Yonathan"]
[Result "1-0"]
[WhiteElo "2499"]
[BlackElo "1984"]
[PlyCount "91"]
[EventDate "2019.06.23"]
[EventType "swiss"]
[EventRounds "9"]
[EventCountry "ISR"]
[SourceTitle "CBM 191 Extra"]
[Source "ChessBase"]
[SourceDate "2019.09.30"]
[SourceVersion "1"]
[SourceVersionDate "2019.09.30"]
[SourceQuality "1"]

1. d4 Nf6 2. c4 g6 3. Nf3 Bg7 4. g3 c5 5. d5 b5 6. cxb5 a6 7. bxa6 Bxa6 8. Bg2 d6 9. 0-0 0-0 10. Nc3 Nbd7 11. Re1 Rb8 12. Rb1 Ng4 13. Bd2 Nge5 14. Nxe5 Nxe5 15. b3 Qc7 16. Qc2 Rfc8 17. Rec1 Qa7 18. h3 Rb7 19. Qd1 Qb8 20. a3 Nd7 21. Ne4 h6 22. Bc3 Nb6 23. Bxg7 Kxg7 24. e3 Rcc7 25. Qd2 Kh7 26. Kh2 Nc4 27. Qa2 Ne5 28. Rc3 Rb6 29. f4 Nd7 30. Nd2 Ra7 31. Qc2 Rbb7 32. e4 Rb6 33. Re1 e6 34. dxe6 fxe6 35. h4 Nf6 36. Bh3 Qg8 37. e5 Nd5 38. Rf3 Bb7 39. Nc4 Rba6 40. Rf2 dxe5 41. Rxe5 Bc8 42. h5 Rg7 43. hxg6+ Rxg6 44. Rh5 Kh8 45. Ne5 Rf6 46. Qxc5 1-0